Państwa którymi rządziły te postacie cz. 3 - Statystyki

Ogólne statystyki
  • Ten quiz został rozwiązany 24 razy
  • Średni wynik to 4 z 20
Statystyki odpowiedzi
Obrazkowy Odpowiedź % Poprawnych
Francja
62%
Turkmenistan
48%
Rosja
43%
Stany Zjednoczone Ameryki
43%
Republika Chińska
33%
Kirgistan
29%
Związek Socjalistycznych Republik Radzieckich
24%
Indonezja
19%
Polska
19%
Skonfederowane Stany Ameryki
19%
Jugosławia
14%
Korea Południowa
14%
Egipt
10%
Węgry
10%
Białoruś
5%
Czechosłowacja
5%
Grecja
5%
Haiti
5%
Nikaragua
5%
Republika Południowej Afryki
5%
Nie znaleziono quizów pasujących do podanych kryteriów
Rozkład punktacji
Procent ludzi z każdym wynikiem
Percentyl według liczby udzielonych odpowiedzi
Twoja historia wyników
Nie rozwiązałeś tego quizu